| 000 | 00000nam##2200000za#4500 |
| 001 | 9.700508 |
| 003 | CaOODSP |
| 005 | 20210927150516 |
| 007 | cr ||||||||||| |
| 008 | 150407|2002||||xxc|||||o f|0| 0 eng|d |
| 040 | |aCaOODSP|beng |
| 043 | |an-cn--- |
| 086 | 1 |aR2-195/2002-1E-PDF |
| 110 | 1 |aCanada. |bIndian and Northern Affairs Canada. |
| 245 | 14|aThe Ta'an Kwach'an Council Final Agreement among the Government of Canada, the Ta'an Kwach'an Council and the Government of the Yukon |h[electronic resource] |
| 260 | |aOttawa - Ontario : |bIndian and Northern Affairs |c[2002]. |
| 300 | |a427p. |
| 590 | |a15-05-Supp|b2015-03-31 |
| 690 | 07|aIndigenous rights|2gcpds |
| 775 | 08|tEntente définitive du Conseil dés Ta'an Kwach'an conclue par le gouvernement du Canada, le Conseil des Ta'an Kwach'an et le gouvernement du Yukon |w(CaOODSP)9.644392 |
| 856 | 40|ahttp://publications.gc.ca|qPDF|s1.19 MB|uhttps://publications.gc.ca/collections/collection_2015/aadnc-aandc/R2-195-2002-1-eng.pdf |